Ancienne capitale du pays - Statistiques

Statistiques générales
  • Ce quiz a été pris 284 fois
  • Le résultat moyen est 11 sur 15
Statistiques - réponses
Ancienne capitale Pays % Correct
Bordeaux France
100%
Delhi Inde
99%
Kyoto Japon
98%
Santiago de Cuba Cuba
95%
Cracovie Pologne
91%
Bonn Allemagne
88%
Valladolid Espagne
83%
Nankin Chine
82%
Persepolis Iran
82%
Colombo Sri Lanka
80%
Dar es Salaam Tanzanie
68%
Yangon Birmanie
53%
Concepción Chili
51%
Quezon City Philippines
35%
Gondar Ethiopie
17%
Aucun quiz correspondant
Distribution des résultats
% des personnes avec chaque résultat
Percentile par nombre de réponses
Votre historique - résultats
Vous n’avez pas pris ce quiz